trasa linii 926; mysłowice, sosnowiec - Statystyki

Ogólne statystyki
  • Ten quiz został rozwiązany 30 razy
  • Średni wynik to 11 z 20
Statystyki odpowiedzi
Hint Odpowiedź % Poprawnych
Sosnowiec Sosnowiec Dworzec PKP
83%
Mysłowice Mysłowice Poczta
71%
Sosnowiec Niwka Fabryka
71%
Sosnowiec Niwka Kościół
67%
Sosnowiec Sosnowiec Urząd Miasta
67%
Sosnowiec Niwka Pawiak
63%
Sosnowiec Sosnowiec Rondo Ludwik
63%
Sosnowiec Dańdówka Skrzyżowanie
58%
Sosnowiec Modrzejów Rynek
58%
Sosnowiec Niwka Cmentarz Komunalny
54%
Sosnowiec Sosnowiec Aleja Zwycięstwa
54%
Sosnowiec Sosnowiec Sąd
54%
Sosnowiec Sosnowiec Sienkiewicza
54%
Sosnowiec Dańdówka Dworzec PKP
50%
Sosnowiec Sosnowiec Osiedle Wanda
50%
Sosnowiec Sosnowiec Wspólna
50%
Sosnowiec Dańdówka Cmentarz
46%
Sosnowiec Dańdówka Osiedle
46%
Sosnowiec Dębowa Góra Tabelna
42%
Sosnowiec Dębowa Góra Zakopiańska
42%
Nie znaleziono quizów pasujących do podanych kryteriów
Rozkład punktacji
Procent ludzi z każdym wynikiem
Percentyl według liczby udzielonych odpowiedzi
Twoja historia wyników
Nie rozwiązałeś tego quizu